00841cam a2200277 a 45000010005000000030006000050050017000110080041000280100017000690200036000860200025001220400023001470420008001700500024001780820015002021000015002172450031002322600035002633000047002984900029003455050007003745200107003815210019004885210019005076500037005261769FISKH20231002140527.0110729s2012 nyua j 001 0 eng  a 2011031372 a9780531208595 (library binding) a9780531209288 (pbk.) aDLCcDLCdDLCbeng apcc00aGV461.3b.M323 201200a796.442231 aMara, Wil.10aGymnastics /cby Wil Mara. aNew York :bScholastic,c2012. a32 pages :bcolor illustrations ; c19 cm.0 aRookie read-about sports0 aJ  aExplains the events and apparatus of gymnastics and includes tips on good sportsmanship and nutrition.8 a450 bLexile 8 aJ bRaz-Plus  0aGymnasticsvJuvenile literature.